| 000 | 04407namaa22004331i 4500 | ||
|---|---|---|---|
| 003 | EG-GICUC | ||
| 005 | 20260210104811.0 | ||
| 008 | 260128s2025 ua a ||frm||| 000 0 eng d | ||
| 040 |
_aEG-GICUC _beng _cEG-GICUC _dEG-GICUC _erda |
||
| 041 | 0 |
_aeng _beng _bara |
|
| 049 | _aDeposit | ||
| 082 | 0 | 4 | _a660 |
| 092 |
_a660 _221 |
||
| 097 | _aM.Sc | ||
| 099 | _aCai01.13.04.M.Sc.2025.Ah.T | ||
| 100 | 0 |
_aAhmed Sayed Ahmed Kotb, _epreparation. |
|
| 245 | 1 | 0 |
_aThermodynamic equilibrium and kinetic study for methane and egyptian biogas reforming / _cby Ahmed Sayed Ahmed Kotb ; Supervisors Prof. Tarek Mohamed Mostafa, Dr. Reda Zein Korany. |
| 246 | 1 | 5 | _aدراسة التوازن الحراري والحركية لإعادة تشكيل الميثان والغاز الحيوي المصري |
| 264 | 0 | _c2025. | |
| 300 |
_a104 pages : _billustrations ; _c25 cm. + _eCD. |
||
| 336 |
_atext _2rda content |
||
| 337 |
_aUnmediated _2rdamedia |
||
| 338 |
_avolume _2rdacarrier |
||
| 502 | _a Thesis (M.Sc)-Cairo University, 2025. | ||
| 504 | _aBibliography: pages 94-96. | ||
| 520 | 3 | _aGreenhouse gases contribute to global warming by trapping infrared radiation and increasing Earth's temperature. The dry reforming of methane (DRM) is a process that converts these greenhouse gases into synthesis gas, a valuable intermediate that can be further processed into chemicals through the Fischer-Tropsch synthesis. Despite its potential, DRM has not yet been adopted on an industrial scale due to the lack of economically viable catalysts that can endure coking and sintering. This study addresses the limitations of DRM by integrating it with high-temperature steam reforming of methane. Thermodynamic and kinetic analyses were conducted to evaluate the effects of various steam-to-carbon dioxide ratios. System equilibrium was maintained by minimizing Gibbs Free Energy. A Hybrid Genetic Algorithm was used to solve the system's equilibrium. This thesis also explores the conversion of biogas into syngas as. The study investigates the potential for using steam reforming to upgrade this biogas into syngas | |
| 520 | 3 | _aعملية الإصلاح الجاف للميثان هي عملية تحول غازات الدفيئة هذه إلى غاز تخليقي، وهو وسيط قيم يمكن معالجته بشكل أكبر إلى مواد كيميائية من خلال عملية فيشر تروبش. تتناول هذه الدراسة تحسين هذه العملية من خلال دمجها مع إصلاح البخار بدرجة حرارة عالية للميثان. وأجريت تحليلات ديناميكا حرارية ودراسة التفاعلات لتقييم النتائج عند نسب عديدة للبخار إلى ثاني أكسيد الكربون. تم الحفاظ على توازن النظام عن طريق تقليل الطاقة الحرة. تم استخدام خوارزمية جينية هجينة لحل توازن النظام. تشير النتائج إلى أن زيادة نسبة البخار إلى ثاني أكسيد الكربون يقلل من تكوين الكربون الصلب ويعزز نسبة الهيدروجين إلى أول أكسيد الكربون. تم إجراء دراسة لفحص أداء نوعين من المحفزات النبيلة في عملية الإصلاح بالبخار والجاف المركبة. تستكشف هذه الرسالة أيضا تحويل الغاز الحيوي إلى غاز تخليقي كطريقة لتحسين الغاز الحيوية. | |
| 530 | _aIssues also as CD. | ||
| 546 | _aText in English and abstract in Arabic & English. | ||
| 650 | 0 | _aChemical Engineering | |
| 650 | 0 | _aالهندسة الكيميائية | |
| 653 | 1 |
_aDry Reforming of Methane _aBiogas Reforming _aGenetic Algorithm _aThermodynamics Equilibrium _aHybrid Optimization Algorithm _aإعادة التشكيل الجافة للميثان _aإعادة تشكيل الغاز الحيوي |
|
| 700 | 0 |
_aTarek Mohamed Mostafa _ethesis advisor. |
|
| 700 | 0 |
_aReda Zein Korany _ethesis advisor. |
|
| 900 |
_b01-01-2025 _cTarek Mohamed Mostafa _cReda Zein Korany _dAhmed Soliman Mohamed _dTamer Mohamed Yahia _UCairo University _FFaculty of Engineering _DDepartment of Chemical Engineering |
||
| 905 |
_aShimaa _eEman Ghareb |
||
| 942 |
_2ddc _cTH _e21 _n0 |
||
| 999 | _c178102 | ||